| 000 | 00436nam a2200181Ia 4500 | ||
|---|---|---|---|
| 001 | 20907 | ||
| 005 | 20260306172840.0 | ||
| 008 | 260306t2011||||xx |||||||||||||| ||spa|| | ||
| 041 | _aESP | ||
| 082 |
_a343.6 _bP26 |
||
| 100 |
_aParejo Alfonso, Luciano _eAUT |
||
| 245 | 0 | _aLecciones de derecho administrativo | |
| 260 | _c2011 | ||
| 300 |
_a911 páginas : _c24 cm. |
||
| 650 | _aGEN | ||
| 654 | _aCCO | ||
| 942 |
_cLIB _dJUS _fJUS _2ddc _n |
||
| 999 |
_c20907 _d20907 |
||